संस्कृत शोध प्रबन्ध परिचायिका (Record no. 1022879)
[ view plain ]
| 000 -LEADER | |
|---|---|
| fixed length control field | 00961nam a2200241Ia 4500 |
| 003 - CONTROL NUMBER IDENTIFIER | |
| control field | OSt |
| 005 - DATE AND TIME OF LATEST TRANSACTION | |
| control field | 20221005111759.0 |
| 008 - FIXED-LENGTH DATA ELEMENTS--GENERAL INFORMATION | |
| fixed length control field | 221004b |||||||| |||| 00| 0 hin d |
| 037 ## - SOURCE OF ACQUISITION | |
| Terms of availability | Textual |
| 040 ## - CATALOGING SOURCE | |
| Original cataloging agency | CRL |
| Transcribing agency | CRL |
| Language of cataloging | hin |
| 041 ## - LANGUAGE CODE | |
| Source of code | hin |
| Language code of text/sound track or separate title | hin |
| 100 ## - MAIN ENTRY--PERSONAL NAME | |
| Personal name | विद्यालंकार, निरूपण, संपा. |
| 245 #0 - TITLE STATEMENT | |
| Title | संस्कृत शोध प्रबन्ध परिचायिका |
| 246 ## - VARYING FORM OF TITLE | |
| Title proper/short title | Sanskṛut shodh prabandha parichāyikā |
| 260 ## - PUBLICATION, DISTRIBUTION, ETC. | |
| Place of publication, distribution, etc. | मेरठ |
| Name of publisher, distributor, etc. | मेरठ विश्वविद्यालय संस्कृत अध्यापक परिषद् भारत |
| Date of publication, distribution, etc. | 1999 |
| 490 ## - SERIES STATEMENT | |
| Volume/sequential designation | भाग 2 |
| Series statement | दशाब्दि - समारोह |
| 942 ## - ADDED ENTRY ELEMENTS (KOHA) | |
| Classification part | P15, N9.2 |
| Koha item type | Textual |
| Source of classification or shelving scheme | |
| Withdrawn status | Lost status | Damaged status | Not for loan | Home library | Current library | Date acquired | Serial Enumeration / chronology | Total Checkouts | Full call number | Barcode | Date last seen | Price effective from | Koha item type |
|---|---|---|---|---|---|---|---|---|---|---|---|---|---|
| Central Library | Central Library | 2022-10-05 | भाग 2 | P15 N9.2 | CL1513050 | 2022-10-05 | 2022-10-05 | Textual |
